Central Library OPAC University of Rajshahi

সুকান্তর সমগ্র কবিতা / (Record no. 49286)

MARC details
000 -LEADER
fixed length control field 00931nam a2200253 a 4500
001 - CONTROL NUMBER
control field 49286
003 - CONTROL NUMBER IDENTIFIER
rucl marc code BD-RjUL
005 - DATE AND TIME OF LATEST TRANSACTION
control field 20211209054647.0
008 - FIXED-LENGTH DATA ELEMENTS--GENERAL INFORMATION
fixed length control field 160820s1970 bg ||||| |||| 00| 0 ben d
020 ## - INTERNATIONAL STANDARD BOOK NUMBER
Terms of availability : Tk. 8.00
035 ## - SYSTEM CONTROL NUMBER
System control number (BD-RjUL)49405
040 ## - CATALOGING SOURCE
Original cataloging agency BD-RjUL
Language of cataloging ben
Transcribing agency BD-RjUL
041 ## - LANGUAGE CODE
Language code of text/sound track or separate title ben
082 ## - DEWEY DECIMAL CLASSIFICATION NUMBER
Edition number 23
Classification number 891.4408
Author mark and year VOS 1970
100 1# - MAIN ENTRY--PERSONAL NAME
Personal name ভট্টাচার্য, সুকান্ত
9 (RLIN) 148081
245 10 - TITLE STATEMENT
Title সুকান্তর সমগ্র কবিতা /
250 ## - EDITION STATEMENT
Edition statement ১ম সং.
260 ## - PUBLICATION, DISTRIBUTION, ETC. (IMPRINT)
Place of publication, distribution, etc. রাজশাহী :
Name of publisher, distributor, etc. সাবিনা জরীন,
Date of publication, distribution, etc. ১৯৭০
300 ## - PHYSICAL DESCRIPTION
Pagination ২২৫ পৃ. ;
Size ২১ সেমি.
650 ## - SUBJECT ADDED ENTRY--TOPICAL TERM
Topical term or geographic name as entry element বাংলা সাহিত্য
Form subdivision সংগ্রহ
9 (RLIN) 122719
Topical term or geographic name as entry element Bengali Literature
Form subdivision Collection
9 (RLIN) 122720
700 ## - ADDED ENTRY--PERSONAL NAME
Personal name হাফিজ,মুহাম্মদ আবদুল, সম্পাদক.
942 ## - ADDED ENTRY ELEMENTS (KOHA)
Source of classification or shelving scheme Dewey Decimal Classification
Koha item type Books
Holdings
Lost status Source of classification or shelving scheme Damaged status Not for loan Collection code Permanent Location Current Location Shelving location Date acquired Source of acquisition Cost, normal purchase price Total Checkouts Full call number Checked out Date last seen Date checked out Copy number Koha item type
  Dewey Decimal Classification     Non-fiction Central Library, University of Rajshahi Central Library, University of Rajshahi   30/04/1970 A. Hsfij, RU. 8.00 3 B 891.4408 VOS 1970 08/06/2026 25/03/2026 25/03/2026 C-2 Books